[Event "Benidorm 2006 - sub2300"]
[Site "Benidorm ESP"]
[Date "2006.12.04"]
[Round "4.3"]
[White "Sanchez Botella, Luis Javier"]
[Black "Zuluaga, Cesar"]
[Result "0-1"]
[WhiteElo "2210"]
[BlackElo "2278"]
[PlyCount "224"]
[EventDate "2006.12.01"]
[EventType "swiss"]
[EventRounds "9"]
[EventCountry "ESP"]
[Source "lmi"]
[SourceDate "2006.12.01"]

1. d4 Nf6 2. Nf3 e6 3. c4 Bb4+ 4. Nbd2 d5 5. g3 O-O 6. Bg2 Ne4 7. Qc2 f5 8. O-O
c6 9. c5 Ba5 10. Ne5 Nd7 11. Nxd7 Bxd7 12. f3 Nxd2 13. Bxd2 Bc7 14. e4 Be8 15.
e5 Bh5 16. b4 Qd7 17. Kf2 Bd8 18. f4 h6 19. Rfb1 g5 20. Qc1 Qg7 21. b5 cxb5 22.
Rxb5 Rc8 23. Qe1 b6 24. Rc1 Be8 25. Rb3 bxc5 26. Rxc5 Rxc5 27. dxc5 Bc6 28. Ba5
Be7 29. Qc1 Rc8 30. Bd2 Qf8 31. Be3 gxf4 32. gxf4 Kh7 33. Bd4 Qf7 34. Kg1 Rg8
35. Rg3 Bh4 36. Rxg8 Qxg8 37. Qa3 Qb8 38. Qb3 Qxb3 39. axb3 Be1 40. Be3 a5 41.
Bf1 Kg7 42. Ba6 Kf7 43. Kf1 Bb4 44. Kf2 Ke7 45. Bc8 Bc3 46. Ke2 Bb5+ 47. Kd1
Bb4 48. Bd4 Bc6 49. Ke2 Bd7 50. Ba6 Kd8 51. Kd3 Kc7 52. Bc3 Bxc5 53. Bxa5+ Kb8
54. Ke2 Ka7 55. Bd3 Be8 56. Bd2 Kb7 57. Be3 Bh5+ 58. Kd2 Bb4+ 59. Kc2 Kc7 60.
Bd2 Bc5 61. Ba5+ Kd7 62. Kd2 Bf3 63. Bb5+ Kc8 64. Ba6+ Kb8 65. Bf1 Bg1 66. h3
d4 67. Kd3 Be4+ 68. Kc4 Bd5+ 69. Kc5 Bxb3 70. Bd2 Kc7 71. Bd3 Kd7 72. Bb5+ Ke7
73. Bd3 Bf2 74. Bc1 h5 75. Bb2 Be3 76. Bxd4 Bxf4 77. Be2 h4 78. Bf3 Ba2 79. Kc6
Bb1 80. Bc5+ Kf7 81. Bh5+ Kg7 82. Kd6 Ba2 83. Bf3 Bc4 84. Bb6 Kg6 85. Bg2 Bg3
86. Bd8 Kf7 87. Bf3 Kg6 88. Bg2 Be1 89. Bf6 f4 90. Be4+ Kf7 91. Bf3 Kg6 92.
Be4+ Kf7 93. Bf3 Bb4+ 94. Kd7 Bb5+ 95. Kd8 Ba5+ 96. Kc8 Ke8 97. Bh5+ Kf8 98.
Bg5 Bd2 99. Bg4 Kf7 100. Kd8 Bc6 101. Bh5+ Kg7 102. Ke7 f3 103. Kxe6 f2 104.
Bf6+ Kh6 105. Be2 Bg2 106. Kf7 f1=Q 107. Bxf1 Bxf1 108. e6 Bc4 109. Bd4 Kg5
110. Bf6+ Kf5 111. Bxh4 Bxe6+ 112. Kg7 Be3 0-1

[Event "Benidorm 2006 - sub2300"]
[Site "Benidorm ESP"]
[Date "2006.12.04"]
[Round "4.4"]
[White "Cappon, John"]
[Black "Avila Jimenez, Javier"]
[Result "1/2-1/2"]
[WhiteElo "2240"]
[BlackElo "2222"]
[PlyCount "74"]
[EventDate "2006.12.01"]
[EventType "swiss"]
[EventRounds "9"]
[EventCountry "ESP"]
[Source "lmi"]
[SourceDate "2006.12.01"]

1. e4 d5 2. exd5 Nf6 3. Bb5+ Bd7 4. Be2 Nxd5 5. d4 Nc6 6. Nf3 Bg4 7. O-O e6 8.
h3 Bh5 9. c4 Nb6 10. Nc3 Be7 11. c5 Nd7 12. Be3 O-O 13. d5 exd5 14. Qxd5 Nf6
15. Qb3 Qc8 16. Rad1 h6 17. Rfe1 Re8 18. Nd5 Nxd5 19. Qxd5 Bg6 20. Bb5 Rd8 21.
Qc4 Bf6 22. Bxc6 bxc6 23. b3 Qb7 24. Bd4 Bxd4 25. Nxd4 Re8 26. f3 Rad8 27. Qa4
Rxe1+ 28. Rxe1 Rd5 29. Rc1 Qc8 30. Re1 Kh7 31. Nxc6 Rxc5 32. Ne7 Qb7 33. Qe8 h5
34. Qg8+ Kh6 35. Qh8+ Bh7 36. Ng8+ Kg6 37. Ne7+ Kh6 1/2-1/2

[Event "Benidorm 2006 - sub2300"]
[Site "Benidorm ESP"]
[Date "2006.12.04"]
[Round "4.5"]
[White "Salgado Allaria, Carlos"]
[Black "Fockin, Sergey"]
[Result "1/2-1/2"]
[WhiteElo "2288"]
[BlackElo "2157"]
[PlyCount "101"]
[EventDate "2006.12.01"]
[EventType "swiss"]
[EventRounds "9"]
[EventCountry "ESP"]
[Source "lmi"]
[SourceDate "2006.12.01"]

1. e4 c5 2. c3 d5 3. exd5 Qxd5 4. d4 Nf6 5. dxc5 Qxc5 6. Na3 Bd7 7. Be3 Qc8 8.
Nf3 Nc6 9. Nc4 Qc7 10. Nd4 Rd8 11. Qe2 Na5 12. Nxa5 Qxa5 13. Nb3 Qc7 14. Qc4
Qb8 15. Nc5 Bc6 16. Na6 Qd6 17. Nb4 Nd5 18. Nxd5 Bxd5 19. Qa4+ Bc6 20. Qxa7 e5
21. Qb6 Qg6 22. h4 Be7 23. h5 Qe4 24. h6 g6 25. Rh3 f5 26. f3 Qd5 27. Qb3 Qxb3
28. axb3 Bd5 29. Bc4 Bxc4 30. bxc4 Kf7 31. Ke2 Rd7 32. Rhh1 Rhd8 33. Rhd1 Rxd1
34. Rxd1 Rxd1 35. Kxd1 Ke6 36. Ke2 f4 37. Bf2 Bf8 38. Kd3 Bxh6 39. Ke4 Bf8 40.
c5 g5 41. b4 h5 42. c4 Be7 43. Be1 g4 44. fxg4 hxg4 45. Bc3 Bf6 46. Bd2 g3 47.
Be1 Be7 48. Bd2 Bf8 49. Bc3 Bg7 50. Bd2 Bf8 51. Bc3 1/2-1/2

[Event "Benidorm 2006 - sub2300"]
[Site "Benidorm ESP"]
[Date "2006.12.04"]
[Round "4.6"]
[White "Martin Perez, Javier"]
[Black "Padilla, Hugo"]
[Result "1-0"]
[WhiteElo "2280"]
[BlackElo "2195"]
[PlyCount "121"]
[EventDate "2006.12.01"]
[EventType "swiss"]
[EventRounds "9"]
[EventCountry "ESP"]
[Source "lmi"]
[SourceDate "2006.12.01"]

1. e4 c5 2. Nf3 Nc6 3. d4 cxd4 4. Nxd4 Nf6 5. Nc3 e5 6. Ndb5 d6 7. Bg5 a6 8.
Na3 b5 9. Bxf6 gxf6 10. Nd5 f5 11. Bd3 Be6 12. Qh5 Bg7 13. O-O f4 14. c4 bxc4
15. Nxc4 O-O 16. Rac1 Nd4 17. g3 f5 18. Ncb6 Rb8 19. exf5 Bf7 20. Qh3 Rxb6 21.
Nxb6 Qxb6 22. f6 Nf3+ 23. Kg2 Ng5 24. Qf5 Bd5+ 25. f3 Bxf6 26. gxf4 Be6 27. Bc4
d5 28. Bxd5 Bxd5 29. fxg5 Bg7 30. Rc8 Qxb2+ 31. Rf2 Qa3 32. Rxf8+ Qxf8 33. Qd7
Qf7 34. Qxf7+ Kxf7 35. Rc2 Bf8 36. Rc7+ Kg6 37. h4 a5 38. Ra7 Bb4 39. a3 Bc3
40. Ra6+ Kf7 41. Ra7+ Kg8 42. Kg3 Be6 43. h5 Be1+ 44. Kg2 Bb3 45. Ra8+ Kf7 46.
Ra7+ Kg8 47. Ra8+ Kg7 48. Ra7+ Bf7 49. g6 hxg6 50. h6+ Kxh6 51. Rxf7 Kg5 52.
Kf1 Bc3 53. Ke2 Bb2 54. a4 Bd4 55. Kd3 Kh4 56. Ke4 g5 57. Rh7+ Kg3 58. Rh5 Bc3
59. Rxg5+ Kf2 60. Rg8 Ba1 61. Rc8 1-0

[Event "Benidorm 2006 - sub2300"]
[Site "Benidorm ESP"]
[Date "2006.12.04"]
[Round "4.7"]
[White "Prada Lopez, Miguel Angel"]
[Black "Peña, Alfredo"]
[Result "0-1"]
[WhiteElo "2164"]
[BlackElo "2274"]
[PlyCount "54"]
[EventDate "2006.12.01"]
[EventType "swiss"]
[EventRounds "9"]
[EventCountry "ESP"]
[Source "lmi"]
[SourceDate "2006.12.01"]

1. e4 e5 2. Nc3 Bc5 3. f4 d6 4. Nf3 Nf6 5. Bc4 a6 6. d3 Nc6 7. a3 Nd4 8. f5 c6
9. Bg5 h6 10. Bh4 d5 11. Ba2 Qc7 12. Bg3 Bd7 13. Ne2 Nxf3+ 14. gxf3 O-O-O 15.
Nc3 Nh5 16. Qe2 Nf4 17. Bxf4 exf4 18. O-O-O Be3+ 19. Kb1 d4 20. Na4 Qa5 21. b3
b5 22. Nc5 Qxa3 23. Nxd7 Rxd7 24. Qg2 f6 25. Qg6 b4 26. e5 Rd5 27. Qxg7 Ra5 0-1

[Event "Benidorm 2006 - sub2300"]
[Site "Benidorm ESP"]
[Date "2006.12.04"]
[Round "4.8"]
[White "Andres Terrado, Miguel Angel"]
[Black "Madina, Martin"]
[Result "0-1"]
[WhiteElo "2164"]
[BlackElo "2262"]
[PlyCount "98"]
[EventDate "2006.12.01"]
[EventType "swiss"]
[EventRounds "9"]
[EventCountry "ESP"]
[Source "lmi"]
[SourceDate "2006.12.01"]

1. e4 c5 2. Nf3 e6 3. Be2 Nf6 4. d3 d5 5. Nbd2 Nc6 6. O-O Be7 7. c3 O-O 8. Qc2
Qc7 9. Re1 e5 10. Nf1 d4 11. Ng3 g6 12. h3 Ne8 13. Nh2 Ng7 14. Rf1 Ne6 15. Bg4
Bd6 16. Bh6 Re8 17. Bxe6 Bxe6 18. c4 a6 19. Qd2 Qe7 20. Ng4 f6 21. Nh2 b5 22.
b3 bxc4 23. bxc4 Rab8 24. Rab1 Rxb1 25. Rxb1 Rb8 26. Rxb8+ Bxb8 27. h4 Qb7 28.
Qc2 Bd7 29. a3 Na5 30. f4 Qb3 31. Qxb3 Nxb3 32. f5 Na1 33. Kf2 Bc7 34. Ng4 Kf7
35. Ke2 Nc2 36. Bc1 Ba5 37. h5 Ne1 38. hxg6+ hxg6 39. Nh6+ Kg7 40. fxg6 Nxg2
41. Nhf5+ Kxg6 42. Ne7+ Kf7 43. Ngf5 Nh4 44. Nxh4 Kxe7 45. Nf5+ Kf7 46. Kf3 Kg6
47. Kg4 Bc3 48. a4 a5 49. Ba3 Bb4 0-1

[Event "Benidorm 2006 - sub2300"]
[Site "Benidorm ESP"]
[Date "2006.12.05"]
[Round "5.1"]
[White "Zuluaga, Cesar"]
[Black "Perez, Yosvany"]
[Result "1-0"]
[WhiteElo "2278"]
[BlackElo "2293"]
[PlyCount "101"]
[EventDate "2006.12.01"]
[EventType "swiss"]
[EventRounds "9"]
[EventCountry "ESP"]
[Source "lmi"]
[SourceDate "2006.12.01"]

1. d4 f5 2. Nf3 Nf6 3. c4 g6 4. g3 Bg7 5. Bg2 O-O 6. Nc3 d6 7. O-O Qe8 8. d5 a5
9. Nd4 Na6 10. Rb1 Nc5 11. Ncb5 Qd8 12. b3 Bd7 13. Bb2 h6 14. Qc2 Nfe4 15. f3
Nf6 16. Qd2 c6 17. Nc3 e5 18. dxe6 Nxe6 19. Nc2 Qb6+ 20. Kh1 Rad8 21. Na4 Qc7
22. Rfd1 Bc8 23. Nd4 Nc5 24. Bc3 b6 25. Qb2 Rde8 26. Qc2 Re7 27. Be1 Bd7 28.
Nc3 Rfe8 29. Bf2 Rd8 30. Rbc1 h5 31. Re1 Bh6 32. Rcd1 Rde8 33. Kg1 Kh7 34. h3
f4 35. g4 Re5 36. Bh4 Kg7 37. Qb2 Kf7 38. a3 Bg7 39. b4 axb4 40. axb4 Ne6 41.
Bf2 Nxd4 42. Bxd4 R5e6 43. g5 c5 44. Bxf6 Bxf6 45. gxf6 Bc6 46. b5 Bb7 47. h4
Qd8 48. Ne4 Bxe4 49. fxe4 Re5 50. Rf1 Qxf6 51. e3 1-0

[Event "Benidorm 2006 - sub2300"]
[Site "Benidorm ESP"]
[Date "2006.12.05"]
[Round "5.4"]
[White "Peña, Alfredo"]
[Black "Perez Lopez, Jesus Maria"]
[Result "1-0"]
[WhiteElo "2274"]
[BlackElo "2212"]
[PlyCount "61"]
[EventDate "2006.12.01"]
[EventType "swiss"]
[EventRounds "9"]
[EventCountry "ESP"]
[Source "lmi"]
[SourceDate "2006.12.01"]

1. e4 c6 2. d4 g6 3. Nc3 Bg7 4. Be3 d5 5. f3 Nf6 6. e5 Ng8 7. Be2 h5 8. Qd2 Nh6
9. h4 Nd7 10. Nh3 Nf8 11. Ng5 Nf5 12. Bf2 Bh6 13. g4 f6 14. gxf5 Bxf5 15. f4
fxg5 16. fxg5 Bg7 17. Bd3 e6 18. Ne2 Qc7 19. O-O-O O-O-O 20. Nf4 Qf7 21. Rde1
Nd7 22. Bg3 Rhf8 23. Bxf5 Qxf5 24. Rhf1 Rf7 25. Rf2 Qg4 26. Nxg6 Rf3 27. Rxf3
Qxf3 28. Qf4 Qg2 29. Qf2 Qh3 30. Qf3 Nf8 31. Rh1 1-0

[Event "Benidorm 2006 - sub2300"]
[Site "Benidorm ESP"]
[Date "2006.12.05"]
[Round "5.8"]
[White "Carrascoso Morales, Abel"]
[Black "Bolado Saez, Sergio"]
[Result "1/2-1/2"]
[WhiteElo "2146"]
[BlackElo "2297"]
[PlyCount "116"]
[EventDate "2006.12.01"]
[EventType "swiss"]
[EventRounds "9"]
[EventCountry "ESP"]
[Source "lmi"]
[SourceDate "2006.12.01"]

1. e4 c6 2. d4 g6 3. Nc3 Bg7 4. Nf3 d5 5. Bd3 Bg4 6. e5 e6 7. h3 Bxf3 8. Qxf3
Qb6 9. Ne2 c5 10. c3 Nc6 11. O-O Nge7 12. Rd1 O-O 13. Qe3 cxd4 14. cxd4 Nb4 15.
Bb1 Rfc8 16. Qb3 Nec6 17. a3 Na6 18. Qxb6 axb6 19. Nc3 Na5 20. Ba2 Nc4 21. Nb5
Bf8 22. Rd3 Nc7 23. Nxc7 Rxc7 24. Rc3 Rac8 25. Bb3 b5 26. Bd1 b4 27. axb4 Bxb4
28. Rc2 b6 29. b3 Na5 30. Rxc7 Rxc7 31. Bb2 Bc3 32. Rc1 Bxb2 33. Rxc7 Bxd4 34.
Kf1 Bxe5 35. Rc8+ Kg7 36. Ke2 Kf6 37. Kd3 Ke7 38. Rg8 Nc6 39. g3 h5 40. f4 Bd6
41. Rc8 Kd7 42. Rh8 Bc5 43. g4 hxg4 44. hxg4 Nb4+ 45. Kd2 Bd6 46. Ke3 Bc5+ 47.
Kd2 Nc6 48. Bf3 Bd6 49. Ke3 d4+ 50. Kd3 Bxf4 51. Bxc6+ Kxc6 52. Kxd4 f5 53. Ra8
g5 54. gxf5 exf5 55. Rf8 Kb5 56. Rxf5+ Kb4 57. Kd3 Bc1 58. Kc2 Bf4 1/2-1/2

[Event "Benidorm 2006 - sub2300"]
[Site "Benidorm ESP"]
[Date "2006.12.06"]
[Round "6.1"]
[White "Contreras, Henry"]
[Black "Zuluaga, Cesar"]
[Result "0-1"]
[WhiteElo "2293"]
[BlackElo "2278"]
[PlyCount "124"]
[EventDate "2006.12.01"]
[EventType "swiss"]
[EventRounds "9"]
[EventCountry "ESP"]
[Source "lmi"]
[SourceDate "2006.12.01"]

1. e4 c5 2. Nf3 e6 3. d4 cxd4 4. Nxd4 a6 5. c4 Nf6 6. Bd3 Qc7 7. Nc2 Nc6 8. Nc3
Ne5 9. Ne3 Bb4 10. O-O O-O 11. f4 Nxd3 12. Qxd3 d6 13. Bd2 Bc5 14. Kh1 Bd7 15.
Rac1 Rad8 16. Ne2 Bc6 17. Ng3 b5 18. Nd5 exd5 19. cxd5 Bb7 20. b4 Qe7 21. bxc5
dxc5 22. Bc3 c4 23. Qb1 Rfe8 24. Rce1 Bc8 25. d6 Qe6 26. f5 Qd7 27. Bxf6 gxf6
28. Rd1 Qc6 29. Qc1 Rxd6 30. Qh6 Kh8 31. e5 Bb7 32. Qh3 fxe5 33. Rxd6 Qxd6 34.
f6 Rg8 35. Qh6 Rg6 36. Qe3 Rxf6 37. Rxf6 Qxf6 38. Qa7 Qd6 39. h3 Qc7 40. Kg1 c3
41. Qf2 c2 42. Qf6+ Kg8 43. Qg5+ Kf8 44. Ne2 b4 45. Nc1 a5 46. Qh6+ Ke8 47.
Qxh7 Qc5+ 48. Kh2 e4 49. h4 Qe5+ 50. Kg1 Qf4 51. Qh8+ Ke7 52. Qb2 Qe3+ 53. Kh2
Qf4+ 54. Kg1 Qe3+ 55. Kh2 Qc5 56. Qg7 e3 57. Qg4 Qe5+ 58. Kg1 Ba6 59. h5 e2 60.
Qh4+ f6 61. Qe1 Qe3+ 62. Kh2 Qf4+ 0-1

[Event "Benidorm 2006 - sub2300"]
[Site "Benidorm ESP"]
[Date "2006.12.06"]
[Round "6.3"]
[White "Sanchez Botella, Luis Javier"]
[Black "Mihailovs, Jurijs"]
[Result "1/2-1/2"]
[WhiteElo "2210"]
[BlackElo "2298"]
[PlyCount "44"]
[EventDate "2006.12.01"]
[EventType "swiss"]
[EventRounds "9"]
[EventCountry "ESP"]
[Source "lmi"]
[SourceDate "2006.12.01"]

1. e4 c5 2. Nf3 e6 3. d4 cxd4 4. Nxd4 a6 5. Bd3 Bc5 6. Nb3 Ba7 7. Qe2 Nc6 8.
Nc3 d6 9. Be3 Nge7 10. O-O-O e5 11. Bc4 b5 12. Bd5 Nxd5 13. Nxd5 Be6 14. Kb1
O-O 15. g4 Ne7 16. h4 Bxd5 17. exd5 Bxe3 18. fxe3 Rc8 19. e4 Ng6 20. Nc1 Nf4
21. Qe3 Qc7 22. Rd2 Qc5 1/2-1/2

[Event "Benidorm 2006 - sub2300"]
[Site "Benidorm ESP"]
[Date "2006.12.06"]
[Round "6.5"]
[White "Rodriguez Fontecha, Marcos"]
[Black "Martin Perez, Javier"]
[Result "1-0"]
[WhiteElo "2200"]
[BlackElo "2280"]
[PlyCount "81"]
[EventDate "2006.12.01"]
[EventType "swiss"]
[EventRounds "9"]
[EventCountry "ESP"]
[Source "lmi"]
[SourceDate "2006.12.01"]

1. e4 e6 2. d4 d5 3. Nc3 Bb4 4. Nge2 dxe4 5. a3 Be7 6. Nxe4 Nd7 7. N2c3 Ngf6 8.
Bf4 O-O 9. Be2 c5 10. O-O Nxe4 11. Nxe4 cxd4 12. Qxd4 f5 13. Nc3 Kh8 14. Rad1
Bf6 15. Qc4 e5 16. Be3 Bg5 17. Bc5 Be7 18. Bxe7 Qxe7 19. Qc7 Qd8 20. Qxd8 Rxd8
21. Rd5 Rf8 22. Rfd1 e4 23. Rxd7 Bxd7 24. Rxd7 Rfd8 25. Rd5 Rxd5 26. Nxd5 Rd8
27. c4 a5 28. Kf1 g5 29. b4 axb4 30. axb4 Kg7 31. Ke1 f4 32. Bg4 Kg6 33. b5 h5
34. Bc8 b6 35. Nxb6 Rd4 36. Nd7 Kg7 37. b6 Rxc4 38. b7 Rb4 39. b8=Q Rxb8 40.
Nxb8 g4 41. Bb7 1-0

[Event "Benidorm 2006 - sub2300"]
[Site "Benidorm ESP"]
[Date "2006.12.06"]
[Round "6.6"]
[White "Pintor, Ariana"]
[Black "Madina, Martin"]
[Result "0-1"]
[WhiteElo "2093"]
[BlackElo "2262"]
[PlyCount "60"]
[EventDate "2006.12.01"]
[EventType "swiss"]
[EventRounds "9"]
[EventCountry "ESP"]
[Source "lmi"]
[SourceDate "2006.12.01"]

1. e4 g6 2. d4 Bg7 3. Nc3 c6 4. g3 d5 5. exd5 cxd5 6. Bg2 e6 7. Nf3 Ne7 8. O-O
O-O 9. Bf4 a6 10. a4 Nbc6 11. Qd2 Nf5 12. Ne2 Nd6 13. Ne5 Nxe5 14. dxe5 Nc4 15.
Qd4 Qc7 16. Rfe1 Bxe5 17. Bxe5 Qxe5 18. b3 Qxd4 19. Nxd4 Na5 20. f4 Bd7 21.
Rad1 Rac8 22. f5 gxf5 23. Nxf5 Rxc2 24. Ne7+ Kg7 25. Bxd5 Re8 26. Be4 Rc7 27.
Nd5 exd5 28. Rxd5 Nxb3 29. Rg5+ Kh6 30. h4 Nd2 0-1

[Event "Benidorm 2006 - sub2300"]
[Site "Benidorm ESP"]
[Date "2006.12.06"]
[Round "6.8"]
[White "Taboas Rodriguez, Daniel"]
[Black "Estrada Martinez, Cesar"]
[Result "1-0"]
[WhiteElo "2296"]
[BlackElo "2167"]
[PlyCount "59"]
[EventDate "2006.12.01"]
[EventType "swiss"]
[EventRounds "9"]
[EventCountry "ESP"]
[Source "lmi"]
[SourceDate "2006.12.01"]

1. d4 Nf6 2. Nf3 d5 3. c4 e6 4. Nc3 Bb4 5. Bg5 Nbd7 6. e3 c5 7. cxd5 exd5 8.
Qc2 O-O 9. Bd3 h6 10. Bh4 cxd4 11. Nxd4 Nc5 12. O-O Nxd3 13. Qxd3 Be7 14. Rfd1
Be6 15. Nf5 Bb4 16. Ne2 Re8 17. Qd4 Bxf5 18. Qxb4 Re4 19. Rd4 g5 20. Bg3 Re6
21. Rad1 Qb6 22. Nc3 Rc8 23. a3 a5 24. Qxb6 Rxb6 25. Be5 Ne4 26. Nxd5 Re6 27.
Bd6 Rxd6 28. Ne7+ Kf8 29. Nxc8 Rxd4 30. Rxd4 1-0

[Event "Benidorm 2006 - sub2300"]
[Site "Benidorm ESP"]
[Date "2006.12.07"]
[Round "7.3"]
[White "Madina, Martin"]
[Black "Salgado Allaria, Carlos"]
[Result "0-1"]
[WhiteElo "2262"]
[BlackElo "2288"]
[PlyCount "60"]
[EventDate "2006.12.01"]
[EventType "swiss"]
[EventRounds "9"]
[EventCountry "ESP"]
[Source "lmi"]
[SourceDate "2006.12.01"]

1. b3 d5 2. Bb2 Nf6 3. g3 Bf5 4. Bg2 e6 5. Nf3 Nbd7 6. O-O Bd6 7. d3 O-O 8.
Nbd2 e5 9. Nh4 Be6 10. e4 c6 11. Nf5 Bxf5 12. exf5 Re8 13. Re1 a5 14. a4 Qb6
15. Re2 Re7 16. Qf1 Rae8 17. Rd1 Bb4 18. h3 Qc5 19. Nb1 d4 20. Bc1 h6 21. Be4
b5 22. Qg2 Nxe4 23. Qxe4 Nf6 24. Qh4 e4 25. Bxh6 Qxf5 26. dxe4 Rxe4 27. Rxe4
Nxe4 28. Bf4 Nxf2 29. Rxd4 Nxh3+ 30. Kh1 Nxf4 0-1

[Event "Benidorm 2006 - sub2300"]
[Site "Benidorm ESP"]
[Date "2006.12.07"]
[Round "7.4"]
[White "Mihailovs, Jurijs"]
[Black "Lacrosse, Marc"]
[Result "1/2-1/2"]
[WhiteElo "2298"]
[BlackElo "2238"]
[PlyCount "29"]
[EventDate "2006.12.01"]
[EventType "swiss"]
[EventRounds "9"]
[EventCountry "ESP"]
[Source "lmi"]
[SourceDate "2006.12.01"]

1. d4 d5 2. c4 e6 3. Nc3 Nf6 4. cxd5 exd5 5. Bg5 Be7 6. e3 Nbd7 7. Bd3 O-O 8.
Qc2 Re8 9. Nf3 Nf8 10. h3 Be6 11. O-O c6 12. Ne5 N6d7 13. Bxe7 Rxe7 14. f4 f6
15. Nf3 1/2-1/2

[Event "Benidorm 2006 - sub2300"]
[Site "Benidorm ESP"]
[Date "2006.12.07"]
[Round "7.5"]
[White "Bolado Saez, Sergio"]
[Black "Perez Lopez, Jesus Maria"]
[Result "1/2-1/2"]
[WhiteElo "2297"]
[BlackElo "2212"]
[PlyCount "26"]
[EventDate "2006.12.01"]
[EventType "swiss"]
[EventRounds "9"]
[EventCountry "ESP"]
[Source "lmi"]
[SourceDate "2006.12.01"]

1. Nf3 Nf6 2. d4 b6 3. c4 e6 4. g3 Bb7 5. Bg2 Bb4+ 6. Nbd2 c5 7. a3 Bxd2+ 8.
Qxd2 cxd4 9. Qxd4 Nc6 10. Qd1 Ne5 11. b3 Nxf3+ 12. exf3 d5 13. f4 Qe7 1/2-1/2

[Event "Benidorm 2006 - sub2300"]
[Site "Benidorm ESP"]
[Date "2006.12.07"]
[Round "7.7"]
[White "Bosque Ortega, Xavier"]
[Black "Perez, Yosvany"]
[Result "0-1"]
[WhiteElo "2230"]
[BlackElo "2293"]
[PlyCount "92"]
[EventDate "2006.12.01"]
[EventType "swiss"]
[EventRounds "9"]
[EventCountry "ESP"]
[Source "lmi"]
[SourceDate "2006.12.01"]

1. d4 d5 2. Nf3 c5 3. c3 Nc6 4. Bf4 Nf6 5. e3 Qb6 6. Qb3 c4 7. Qc2 Bf5 8. Qc1
h6 9. Be2 e6 10. Nbd2 Qd8 11. Ne5 Nxe5 12. Bxe5 b5 13. O-O Be7 14. f3 O-O 15.
e4 Bh7 16. Bxf6 Bxf6 17. e5 Be7 18. f4 b4 19. Bg4 bxc3 20. bxc3 Bd3 21. Rf3 Qa5
22. a4 g6 23. Rh3 h5 24. f5 exf5 25. Bxh5 Bg5 26. Bd1 f6 27. exf6 Rae8 28. Bf3
Be3+ 29. Kh1 Rxf6 30. Qe1 Qxc3 31. Bxd5+ Kg7 32. Nxc4 Bd2 33. Qd1 Re1+ 34. Qxe1
Bxe1 35. Rd1 Qxd4 36. Rhxd3 Qf2 37. Rf3 Qe2 38. Rb1 Bb4 39. h3 a5 40. Rff1 g5
41. Nb2 g4 42. Bc4 Qe3 43. Nd3 gxh3 44. Nf4 hxg2+ 45. Kxg2 Qe4+ 46. Kg3 Bd6 0-1

[Event "Benidorm 2006 - sub2300"]
[Site "Benidorm ESP"]
[Date "2006.12.07"]
[Round "7.8"]
[White "Carrascoso Morales, Abel"]
[Black "Contreras, Henry"]
[Result "1-0"]
[WhiteElo "2146"]
[BlackElo "2293"]
[PlyCount "114"]
[EventDate "2006.12.01"]
[EventType "swiss"]
[EventRounds "9"]
[EventCountry "ESP"]
[Source "lmi"]
[SourceDate "2006.12.01"]

1. e4 c5 2. Nf3 Nc6 3. d4 cxd4 4. Nxd4 Nf6 5. Nc3 e5 6. Ndb5 d6 7. Bg5 a6 8.
Na3 b5 9. Nd5 Be7 10. Bxf6 Bxf6 11. c3 Ne7 12. Nxe7 Bxe7 13. g3 Bb7 14. Bg2 O-O
15. O-O Qb6 16. Nc2 Rac8 17. Qd3 a5 18. Rfd1 g6 19. Ne3 b4 20. c4 Rc5 21. h4 h5
22. b3 Ra8 23. Rab1 Bf8 24. Qe2 a4 25. Rd3 Rca5 26. Nc2 Bc6 27. Qd2 axb3 28.
axb3 Rb8 29. Ne3 Qb7 30. Nd5 Bxd5 31. Rxd5 Rba8 32. Qe3 Kh7 33. Rbd1 Bh6 34.
Qe2 Ra2 35. Qf3 Bf8 36. c5 R2a5 37. cxd6 Rxd5 38. Rxd5 Rd8 39. Qf6 Qd7 40. Bh3
Bg7 41. Qe7 Qxe7 42. dxe7 Re8 43. Rb5 Rxe7 44. Rxb4 Ra7 45. Rb8 Ra1+ 46. Kg2
Re1 47. Kf3 Bh6 48. b4 Bd2 49. b5 Rb1 50. Bd7 Ba5 51. Rb7 Kh6 52. Bc6 f6 53.
Rf7 Bd8 54. Rf8 Be7 55. Rf7 Bd8 56. Rf8 Be7 57. Rf7 Bd8 1-0

[Event "Benidorm 2006 - sub2300"]
[Site "Benidorm ESP"]
[Date "2006.12.08"]
[Round "8.3"]
[White "Perez, Yosvany"]
[Black "Carrascoso Morales, Abel"]
[Result "1/2-1/2"]
[WhiteElo "2293"]
[BlackElo "2146"]
[PlyCount "44"]
[EventDate "2006.12.01"]
[EventType "swiss"]
[EventRounds "9"]
[EventCountry "ESP"]
[Source "lmi"]
[SourceDate "2006.12.01"]

1. Nf3 Nf6 2. c4 e6 3. d4 c5 4. e3 d5 5. Nc3 Nc6 6. a3 dxc4 7. Bxc4 a6 8. O-O
Be7 9. Qe2 b5 10. Ba2 cxd4 11. Rd1 O-O 12. exd4 Bb7 13. d5 exd5 14. Nxd5 Nxd5
15. Bxd5 Qe8 16. Bf4 Bf6 17. Be3 Rd8 18. Qc2 Rxd5 19. Rxd5 Ne5 20. Rxe5 Bxe5
21. Nxe5 Qxe5 22. Re1 Rc8 1/2-1/2

[Event "Benidorm 2006 - sub2300"]
[Site "Benidorm ESP"]
[Date "2006.12.08"]
[Round "8.4"]
[White "Salgado Allaria, Carlos"]
[Black "Forsaa, Espen"]
[Result "1-0"]
[WhiteElo "2288"]
[BlackElo "2170"]
[PlyCount "71"]
[EventDate "2006.12.01"]
[EventType "swiss"]
[EventRounds "9"]
[EventCountry "ESP"]
[Source "lmi"]
[SourceDate "2006.12.01"]

1. d4 d5 2. c4 c6 3. Nf3 Nf6 4. e3 e6 5. Nbd2 c5 6. Bd3 Nc6 7. O-O dxc4 8. Nxc4
Be7 9. Nce5 Nxe5 10. Nxe5 O-O 11. b3 cxd4 12. exd4 b6 13. Nc6 Qc7 14. Nxe7+
Qxe7 15. Qe2 Bb7 16. Bg5 Rfd8 17. Rfd1 Rd5 18. Bf4 Rdd8 19. Be5 Rac8 20. Rac1
Nd5 21. Qh5 g6 22. Qh6 f6 23. Rxc8 Rxc8 24. Bg3 Nc3 25. Re1 Nxa2 26. Bc4 Qb4
27. Bxe6+ Kh8 28. f3 Re8 29. Qf4 Kg7 30. Qc7+ Re7 31. Qd8 g5 32. Qg8+ Kh6 33.
Qf8+ Rg7 34. Qxf6+ Rg6 35. Qe5 Qd2 36. h4 1-0

[Event "Benidorm 2006 - sub2300"]
[Site "Benidorm ESP"]
[Date "2006.12.08"]
[Round "8.5"]
[White "Perez Lopez, Jesus Maria"]
[Black "Mihailovs, Jurijs"]
[Result "1-0"]
[WhiteElo "2212"]
[BlackElo "2298"]
[PlyCount "93"]
[EventDate "2006.12.01"]
[EventType "swiss"]
[EventRounds "9"]
[EventCountry "ESP"]
[Source "lmi"]
[SourceDate "2006.12.01"]

1. d4 Nf6 2. Nf3 c5 3. d5 b5 4. c4 Bb7 5. e3 e6 6. dxe6 fxe6 7. cxb5 d5 8. Be2
Bd6 9. b3 Nbd7 10. Nbd2 O-O 11. O-O Qc7 12. Qc2 Rae8 13. Bb2 Re7 14. Bd3 h6 15.
Bg6 Kh8 16. h3 Qb6 17. a4 Bb8 18. Nh4 Kg8 19. Bd3 Ref7 20. Bg6 Re7 21. Rfe1 Qc7
22. Nf1 a6 23. Bd3 Rfe8 24. bxa6 Bc8 25. Rac1 Qa7 26. Qe2 g5 27. Nf3 Rg7 28.
Bb5 Rf8 29. N3d2 Ne5 30. e4 d4 31. Nc4 Ng6 32. Na5 Bf4 33. Nc6 Qf7 34. Rxc5 g4
35. hxg4 h5 36. Bxd4 hxg4 37. Ne5 Nxe5 38. Bxe5 Bxe5 39. Rxe5 Nh5 40. Qe3 Nf4
41. Rc5 Qf6 42. a7 Bb7 43. Bc6 Rh7 44. Qg3 Qh6 45. Nh2 Nd3 46. Bxb7 Nxc5 47.
a8=Q 1-0

[Event "Benidorm 2006 - sub2300"]
[Site "Benidorm ESP"]
[Date "2006.12.08"]
[Round "8.6"]
[White "Bolado Saez, Sergio"]
[Black "Fockin, Sergey"]
[Result "1-0"]
[WhiteElo "2297"]
[BlackElo "2157"]
[PlyCount "70"]
[EventDate "2006.12.01"]
[EventType "swiss"]
[EventRounds "9"]
[EventCountry "ESP"]
[Source "lmi"]
[SourceDate "2006.12.01"]

1. d4 Nf6 2. c4 e6 3. Nf3 b6 4. g3 Ba6 5. b3 Bb4+ 6. Bd2 Be7 7. Bg2 c6 8. Bc3
d5 9. Nbd2 Nbd7 10. O-O Rc8 11. e4 O-O 12. e5 Ne8 13. Re1 Nc7 14. Bf1 Bb7 15.
a3 dxc4 16. Nxc4 Nd5 17. Bb2 c5 18. Nfd2 b5 19. Nd6 Bxd6 20. exd6 c4 21. bxc4
bxc4 22. Nxc4 N7b6 23. Na5 Ba8 24. a4 Nb4 25. Re5 N6d5 26. Nc4 a5 27. Ba3 Bb7
28. d7 Rb8 29. Bxb4 axb4 30. Ne3 Nc3 31. Qb3 Bc6 32. Bb5 Nxb5 33. axb5 Bxb5 34.
Qxb4 Bc6 35. Qc3 Rb7 1-0